Guess the Country from the Highest Point - Statistics

General Stats
  • This quiz has been taken 25 times
  • The average score is 6 of 10
Answer Stats
Hint Answer % Correct
Mount Everest (8,848 m) Nepal/China
100%
Mount Kilimanjaro (5,895 m) Tanzania
95%
K2 (8,611 m) Pakistan
80%
Denali (6,190 m) United States
80%
Mount Kosciuszko (2,228 m) Australia
60%
Gangkhar Puensum (7,570 m) Bhutan
55%
Pico da Nablina (2,995.3 m) Brazil
45%
Mount Villingili (5.1 m) Maldives
30%
Mount Paektu (2,744 m) North Korea
30%
Mafaldi peak (3,446.1 m) South Africa
30%
No matching quizzes found
Score Distribution
Percent of People with Each Score
Percentile by Number Answered
Your Score History
You have not taken this quiz